Statistics for Biggest Cities in Oman

Click here to take the quiz!

General Stats

  • This quiz has been taken 52 times
    (2 since last reset)
  • The average score is 2 of 10

Answer Stats

Population City % Correct
797,000Muscat
100%
163,140Salalah
50%
237,816Seeb
0%
159,487Bawshar
0%
108,274Sohar
0%
107,143Suwayq
0%
101,640Ibri
0%
89,327Saham
0%
81,647Barka
0%
79,383Rustaq
0%

Score Distribution

Percentile by Number Answered

Percent of People with Each Score

Your Score History

You have not taken this quiz since the last reset